Limiting institutions?: The challenge of Eurasian security governance (Record no. 19783)

MARC details
000 -LEADER
fixed length control field 00785nam a2200121Ia 4500
008 - FIXED-LENGTH DATA ELEMENTS--GENERAL INFORMATION
fixed length control field 220616s9999||||xx |||||||||||||| ||und||
245 #0 - TITLE STATEMENT
Title Limiting institutions?: The challenge of Eurasian security governance
546 ## - LANGUAGE NOTE
Language note English[eng]
650 ## - SUBJECT ADDED ENTRY--TOPICAL TERM
Topical term or geographic name entry element eurasia||nato||eurasian||soviet||Central Asia||China||Commonwealth of Independent States||Organization for Security and Co-operation in Europe||Partnership for Peace||Russia||United States
700 ## - ADDED ENTRY--PERSONAL NAME
Personal name Sperling, James||Kay, Sean||Papacosma, S. Victor
856 ## - ELECTRONIC LOCATION AND ACCESS
Uniform Resource Identifier <a href="https://library.oapen.org/bitstream/20.500.12657/35041/1/Limiting%20institutions.pdf||https://library.oapen.org/bitstream/20.500.12657/35041/1/Limiting%20institutions.pdf||https://library.oapen.org/bitstream/20.500.12657/35041/1/Limiting%20institutions.pdf">https://library.oapen.org/bitstream/20.500.12657/35041/1/Limiting%20institutions.pdf||https://library.oapen.org/bitstream/20.500.12657/35041/1/Limiting%20institutions.pdf||https://library.oapen.org/bitstream/20.500.12657/35041/1/Limiting%20institutions.pdf</a>
942 ## - ADDED ENTRY ELEMENTS (KOHA)
Koha item type E-Books
Holdings
Withdrawn status Lost status Damaged status Not for loan Home library Current library Date acquired Total Checkouts Date last seen Price effective from Koha item type
        Kerala University of Digital Sciences, Innovation and Technology Knowledge Centre Kerala University of Digital Sciences, Innovation and Technology Knowledge Centre 16/06/2022   16/06/2022 16/06/2022 E-Books